000 00570nam a2200217Ia 4500
003 OSt
005 20230328101407.0
008 210210b1998 xxu||||| |||| 00| 0 eng d
040 _cAL
041 _aeng
082 _a658/52 DESS
100 _aDESAI (Vasant)
_978646
245 _aSmall scale industries and entrepreneurship
260 _aMumbai
_bHimalaya Publishing House
_c1998
300 _axxxviii,510
650 _aSmall Scale Industries
_978647
650 _aEntrepreneurship
_978648
690 _aManagement
_978649
906 _a054092
942 _2ddc
_cBK
999 _c127628
_d127628